AYURVEDIYA AOUSHDHE GUNEDHARM SHASTRA PART - 4 (Record no. 483955)

MARC details
000 -LEADER
fixed length control field 00397pam a2200157a 44500
008 - FIXED-LENGTH DATA ELEMENTS--GENERAL INFORMATION
fixed length control field 230515b1987 xxu||||| |||| 00| 0 eng d
020 ## - INTERNATIONAL STANDARD BOOK NUMBER
International Standard Book Number 0
041 ## - LANGUAGE CODE
Language code of text/sound track or separate title HINDI
082 ## - DEWEY DECIMAL CLASSIFICATION NUMBER
Classification number 615.2 GUN
100 ## - MAIN ENTRY--PERSONAL NAME
Personal name GUNE GANGANDHAR SHASTRI
245 ## - TITLE STATEMENT
Title AYURVEDIYA AOUSHDHE GUNEDHARM SHASTRA PART - 4
250 ## - EDITION STATEMENT
Edition statement N.D.
260 ## - PUBLICATION, DISTRIBUTION, ETC.
Place of publication, distribution, etc. PUNE
Name of publisher, distributor, etc. VIDYAK GRANTH BHANDAR
Date of publication, distribution, etc. 1987
300 ## - PHYSICAL DESCRIPTION
Extent 96
650 ## - SUBJECT ADDED ENTRY--TOPICAL TERM
Topical term or geographic name entry element RASASHASTRA
Holdings
Withdrawn status Lost status Damaged status Not for loan Home library Current library Shelving location Date acquired Source of acquisition Cost, normal purchase price Total Checkouts Full call number Barcode Date last seen Date last checked out Price effective from Koha item type
        College of Ayurved, Pune College of Ayurved, Pune 20/A/5 01/01/1991 NULL 15.00 2 615.2 GUN ACP-UG-143 16/06/2025 12/05/2025 28/06/2023 Book